<?xml version="1.0" encoding="UTF-8"?>
<collection xmlns="http://www.loc.gov/MARC21/slim">
 <record>
  <leader>00711nrm a22001455g 4500</leader>
  <controlfield tag="001">CEM.cems019392</controlfield>
  <controlfield tag="008">130507b200?##################0###0#####d</controlfield>
  <controlfield tag="005">20220830172128.0</controlfield>
  <datafield tag="245" ind1="0" ind2="0">
   <subfield code="a">Ocurrencias [juego] /</subfield>
   <subfield code="c">Toyco</subfield>
  </datafield>
  <datafield tag="260" ind1=" " ind2=" ">
   <subfield code="a">Argentina :</subfield>
   <subfield code="b">Toyco,</subfield>
   <subfield code="c">[200?]</subfield>
  </datafield>
  <datafield tag="300" ind1=" " ind2=" ">
   <subfield code="a">1 juego (108 tarjetas con categorías de ambos lados, 1 tablero de doble cara, TV decodificador de tarjetas, reloj de arena, 1 dado de 8 caras, 20 fichas de Ocurrencia, 2 peones) ; en caja 21 x 30 x 6 cm. + manual de instrucciones.</subfield>
  </datafield>
  <datafield tag="500" ind1=" " ind2=" ">
   <subfield code="a">Para 2 ó más jugadores a partir de 12 años dos posibilidades de juegos.</subfield>
  </datafield>
  <datafield tag="082" ind1="0" ind2="4">
   <subfield code="a">J793.73</subfield>
  </datafield>
  <datafield tag="653" ind1=" " ind2=" ">
   <subfield code="a">1. juegos de preguntas y respuestas</subfield>
  </datafield>
  <datafield tag="859" ind1=" " ind2=" ">
   <subfield code="a">CEMS</subfield>
   <subfield code="b">BIB. CEMS - Ludoteca</subfield>
   <subfield code="h">J793.73</subfield>
   <subfield code="i">T668</subfield>
   <subfield code="p">319.05</subfield>
   <subfield code="t">Ej.1</subfield>
  </datafield>
 </record>
</collection>
